000 00791nam a2200241 a 4500
001 BRL_921
005 20190320210944.0
008 241013s1959----mx-ae#####---#000-0#spa-#
041 _aspa
044 _amx
050 4 _aNA5257.C85
_b.G67 1959
100 1 _aGorbea Trueba, José
_923462
245 1 0 _aCulhuacan
_cpor José Gorbea Trueba.
260 _aMéxico
_bInstituto Nacional de Antropología e Historia
_c1959
300 _a43 p.
_bil., planos
_c23 cm.
440 0 _aDirección de Monumentos Coloniales
_v6
_925328
500 _aAu1042
650 1 4 _aArquitectura religiosa
_zCulhuacán (México)
_925329
650 1 4 _aArquitectura colonial
_zCulhuacán (México)
_925330
651 4 _aCulhuacán (México)
_xConstrucciones, estructuras, etc.
_925331
902 _aGRL
942 _2lcc
_cB
999 _c9733
_d9733